NBA most assists in a single game (per season) - Statistics

General Stats
  • This quiz has been taken 35 times
  • The average score is 20 of 40
Answer Stats
Season Assists Player % Correct
1991-92 23 John Stockton
94%
1989-90 27 John Stockton
94%
2009-10 20 Steve Nash
91%
2006-07 21 Steve Nash
91%
2005-06 22 Steve Nash
91%
2003-04 19 Steve Nash
91%
2002-03 18 Jason Kidd
84%
1995-96 25 Jason Kidd
84%
2019-20 19 LeBron James
84%
2017-18 25 Rajon Rondo
81%
2015-16 20 Rajon Rondo
81%
2013-14 18 Rajon Rondo
81%
2012-13 20 Rajon Rondo
81%
2011-12 20 Rajon Rondo
81%
2010-11 24 Rajon Rondo
81%
2018-19 24 Russell Westbrook
75%
2016-17 22 Russell Westbrook
75%
1997-98 20 Avery Johnson
72%
1993-94 25 Kevin Johnson
72%
2019-20 19 Luka Doncic
59%
1990-91 30 Scott Skiles
59%
2002-03 18 Gary Payton
56%
2011-12 20 Deron Williams
47%
2006-07 21 Deron Williams
47%
1994-95 22 Tim Hardaway
34%
1998-99 20 Stephon Marbury
19%
1997-98 20 Rod Strickland
16%
2014-15 21 Brandon Jennings
9%
2013-14 18 Brandon Jennings
9%
1992-93 23 Mookie Blaylock
6%
1999-00 20 Nick Van Exel
6%
1996-97 23 Nick Van Exel
6%
2004-05 20 Brevin Knight
3%
1997-98 20 Brevin Knight
3%
2009-10 20 Darren Collison
3%
2007-08 24 Ramon Sessions
3%
2008-09 22 Chris Duhon
0%
2000-01 22 George McCloud
0%
2001-02 23 Jamaal Tinsley
0%
2009-10 20 Will Bynum
0%
No matching quizzes found
Score Distribution
Percent of People with Each Score
Percentile by Number Answered
Your Score History
You have not taken this quiz